| 000 | 00713nam a2200205 i 4500 | ||
|---|---|---|---|
| 001 | 20139 | ||
| 003 | ES-MaACL | ||
| 005 | 20250829041753.0 | ||
| 007 | t| | ||
| 008 | 021107s1970 sp |||| |bspa d | ||
| 100 | 1 |
_aAguado, Emiliano, _d1907-1979 _918604 |
|
| 245 | 1 | 0 |
_aOrtega y Gasset / _cEmiliano Aguado. |
| 260 |
_a[Madrid] : _bE.P.E.S.A. [Ediciones y Publicaciones Españolas], _c[1970] |
||
| 300 |
_a198 p. ; _c17 cm. |
||
| 490 | 1 |
_aGrandes escritores contemporáneos ; _v32 |
|
| 600 | 1 | 4 |
_aOrtega y Gasset, José, _d1883-1955- _xCrítica e interpretación _987505 |
| 830 | 1 | 0 |
_aGrandes escritores contemporáneos (Epesa) _v32 _9180697 |
| 852 |
_aES-MaACL _jC-40765 |
||
| 999 |
_c20139 _d20139 |
||